Arbitration - A New Approach (Record no. 902)

MARC details
000 -LEADER
fixed length control field 00417nam a22001457a 4500
005 - DATE AND TIME OF INPUT
control field 20231123140200.0
008 - DATA ELEMENTS--GENERAL INFORMATION
fixed length control field 231123b |||||||| |||| 00| 0 eng d
041 ## - LANGUAGE CODE
Language code of text English
082 ## - SHELF NUMBER
DDC number 341.5 DUP
100 ## - MAIN AUTHOR
Main author's name du Plessis, PW
Language of a work English
245 ## - TITLE STATEMENT
Title Arbitration - A New Approach
Statement of responsibility, etc. PW du Plessis
300 ## - PHYSICAL DESCRIPTION
Other physical details 102 pages ;
Dimensions 22 cm.
650 ## - SUBJECT`
Broad subject Legal practice
Own subject terms Law
942 ## - ADDED ENTRY ELEMENTS (KOHA)
Item type Books
942 ## - ADDED ENTRY ELEMENTS (KOHA)
-- ALISON_BN_VRIES
Holdings
Source of classification or shelving scheme Not for loan Collection code Home library Current library Shelving location Date acquired Full call number Barcode Price effective from Koha item type
Dewey Decimal Classification   TEXT BOOKS LAW SOCIETY OF NAMIBIA LIBRARY - WINDHOEK LAW SOCIETY OF NAMIBIA LIBRARY - WINDHOEK International law and private international law 11/23/2023 341.5 DUP LSN/1987/291 11/23/2023 Books